000 00757nab a2200253 ab4500
005 20260121143524.0
008 991125d1995 mx fr p 000 spa d
003
035 _aUPN01000063550
040 _aMX-MxUPN
_bspa
_cMX-MxUPN
_eaacr
100 1 _aCastrejón Téllez, Juan G
245 1 _aAlgunas opiniones sobre los programas y los libros de texto de tercer grado
650 0 2 _aCreatividad
_95008
650 0 4 _aEducación primaria
_91552
650 0 4 _aLibros de texto
_94427
653 0 _aMaestros
653 0 _aNiños
650 0 4 _aProceso enseñanza-aprendizaje
_942
773 _gNueva época, no. 11 (1995), p. 2-4
_tMomento pedagógico
902 _aLeonor Sotres/210126
904 _aAC
_b001361
905 _aArticulo
942 _cAI
999 _c62177
_d62177